000
00270nam a2200121Ia 4500
008
190216s9999||||xx |||||||||||||| ||und||
100
_a
Owen Guillermo
245
0
_a
Game Theory
260
_b
Academic Publishers
300
_a
447
650
_a
Mathematics
942
_c
BK
999
_c
31984
_d
31984